[Event "VI Open Internacional A.D. San Juan"]
[Site "Pamplona Hotel Iruña Park "]
[Date "2012.07.27"]
[Round "6"]
[Board "4"]
[White "Sanchez Vergara, Alberto"]
[Black "Reinaldo Castineira, Roi"]
[Result "0-1"]
[WhiteElo "2093"]
[BlackElo "2468"]
[PlyCount "60"]
[EventDate "2012.07.23"]
[EventRounds "9"]
[EventCountry "ESP"]

1. e4 c5 2. Nf3 e6 3. d4 cxd4 4. Nxd4 a6 5. Nc3 b5 6. Bd3 Bb7 7. O-O Nc6 8.
Nxc6 Bxc6 9. e5 Qc7 10. Bf4 f5 11. Re1 Ne7 12. a3 Ng6 13. Bg3 Bc5 14. Kh1 O-O
15. f4 d6 16. exd6 Bxd6 17. Rxe6 Bxf4 18. Qe1 Bxg3 19. hxg3 Qb7 20. Qf2 Rf7 21.
Be2 f4 22. Rxc6 Qxc6 23. Bf3 fxg3 24. Qxg3 Rxf3 25. Qxf3 Qxf3 26. gxf3 Ne5 27.
Kg2 Nc4 28. b3 Ne3+ 29. Kf2 Nxc2 30. Ra2 Nd4 0-1

[Event "VI Open Internacional A.D. San Juan"]
[Site "Pamplona Hotel Iruña Park "]
[Date "2012.07.27"]
[Round "6"]
[Board "5"]
[White "Ortiz Suarez, Isan Reynaldo"]
[Black "Guerra Mendez, Jose Angel"]
[Result "1-0"]
[WhiteElo "2562"]
[BlackElo "2428"]
[PlyCount "67"]
[EventDate "2012.07.23"]
[EventRounds "9"]
[EventCountry "ESP"]

1. e4 c5 2. Nf3 d6 3. d4 cxd4 4. Nxd4 Nf6 5. Nc3 a6 6. Bg5 e6 7. f4 Be7 8. Qf3
Qc7 9. O-O-O Nbd7 10. Bd3 b5 11. Rhe1 Bb7 12. Qg3 b4 13. Nd5 exd5 14. exd5 Kd8
15. Nc6+ Bxc6 16. dxc6 Nc5 17. Bh4 Rg8 18. Bf5 a5 19. Kb1 Ra7 20. Re5 Na4 21.
Qb3 Qxc6 22. Qxf7 Re8 23. Qxg7 Ng8 24. Re6 Rd7 25. Rde1 Qc5 26. g4 Kc7 27. R6e3
Qxf5 28. gxf5 Bxh4 29. Qg1 Rb8 30. Re8 Bxe1 31. Rxb8 Kxb8 32. Qxg8+ Kc7 33. f6
Nc5 34. f7 1-0

[Event "VI Open Internacional A.D. San Juan"]
[Site "Pamplona Hotel Iruña Park "]
[Date "2012.07.27"]
[Round "7"]
[Board "1"]
[White "Reinaldo Castineira, Roi"]
[Black "Fernandez Romero, Ernesto"]
[Result "1/2-1/2"]
[WhiteElo "2468"]
[BlackElo "2472"]
[PlyCount "116"]
[EventDate "2012.07.23"]
[EventRounds "9"]
[EventCountry "ESP"]

1. Nf3 d5 2. c4 c6 3. g3 Nf6 4. Bg2 dxc4 5. O-O Nbd7 6. Qc2 Nb6 7. Rd1 Qd5 8.
Nc3 Qh5 9. b3 cxb3 10. Qxb3 g6 11. a4 Bg7 12. Ba3 O-O 13. Bxe7 Re8 14. Bxf6
Bxf6 15. d4 Qa5 16. Qc2 Bg7 17. Ne4 Bf5 18. Nh4 Bxe4 19. Bxe4 Rad8 20. e3 Nd5
21. Bg2 c5 22. Rac1 cxd4 23. exd4 Nb6 24. Bxb7 Rxd4 25. Rxd4 Bxd4 26. Nf3 Bf6
27. Qc5 Qxc5 28. Rxc5 Nxa4 29. Ra5 Re7 30. Rxa7 Nb6 31. Nd2 Kg7 32. Ne4 Bd4 33.
Nd6 Nc4 34. Ra6 Nxd6 35. Rxd6 Bxf2+ 36. Kxf2 Rxb7 37. h4 Re7 38. Ra6 Re6 39.
Ra5 h6 40. Kf3 Rb6 41. Ra3 Kf6 42. Rc3 h5 43. Ra3 Rb5 44. Kf4 Rb4+ 45. Kf3 Rd4
46. Ra7 Ke6 47. Rb7 f6 48. Rb3 Ke5 49. Ra3 Rd5 50. Re3+ Kf5 51. Ra3 Rb5 52. Rc3
Ke6 53. Ra3 Rf5+ 54. Ke4 Re5+ 55. Kf3 Kf5 56. Rc3 g5 57. hxg5 Kxg5 58. Ra3 Rb5
1/2-1/2

[Event "VI Open Internacional A.D. San Juan"]
[Site "Pamplona Hotel Iruña Park "]
[Date "2012.07.27"]
[Round "7"]
[Board "2"]
[White "Ibarra Jerez, Jose Carlos"]
[Black "Venkatesh, M R"]
[Result "1/2-1/2"]
[WhiteElo "2530"]
[BlackElo "2506"]
[PlyCount "60"]
[EventDate "2012.07.23"]
[EventRounds "9"]
[EventCountry "ESP"]

1. d4 Nf6 2. Bg5 Ne4 3. Bf4 d5 4. e3 c5 5. Bd3 Nf6 6. dxc5 Nc6 7. Bb5 Bg4 8.
Ne2 Qa5+ 9. Nbc3 Bxe2 10. Qxe2 a6 11. Bxc6+ bxc6 12. O-O e6 13. e4 Qxc5 14.
exd5 cxd5 15. Be5 Be7 16. Rad1 O-O 17. Bd4 Qc6 18. Rd3 Ne8 19. Rg3 f6 20. f4
Bc5 21. Bxc5 Qxc5+ 22. Kh1 Nc7 23. Nd1 Qb5 24. Qf2 d4 25. Rf3 Rad8 26. h3 Qd5
27. b3 Rfe8 28. c3 e5 29. fxe5 fxe5 30. cxd4 exd4 1/2-1/2

[Event "VI Open Internacional A.D. San Juan"]
[Site "Pamplona Hotel Iruña Park "]
[Date "2012.07.27"]
[Round "7"]
[Board "3"]
[White "Martin Duque, Jesus"]
[Black "Ortiz Suarez, Isan Reynaldo"]
[Result "0-1"]
[WhiteElo "2241"]
[BlackElo "2562"]
[PlyCount "94"]
[EventDate "2012.07.23"]
[EventRounds "9"]
[EventCountry "ESP"]

1. e4 c5 2. Nf3 d6 3. d4 cxd4 4. Nxd4 Nf6 5. Nc3 a6 6. Rg1 e5 7. Nb3 b5 8. g4
Bb7 9. g5 Nxe4 10. Nd5 Nc5 11. Be3 Nc6 12. Bg2 Rb8 13. Qe2 Ne7 14. O-O-O Nxb3+
15. axb3 Nxd5 16. Bxd5 Be7 17. Ba7 Bxg5+ 18. Kb1 Ra8 19. Bxb7 Rxa7 20. Bxa6 O-O
21. Bxb5 Bf6 22. Bc4 e4 23. c3 Re8 24. Qe3 Ra5 25. Rd5 Rxd5 26. Bxd5 Re5 27.
Rd1 Bg5 28. Qd4 Qe8 29. Re1 e3 30. f4 Bxf4 31. Qxf4 Rxd5 32. Rxe3 Re5 33. Rxe5
dxe5 34. Qe4 g6 35. c4 Qe7 36. Kc2 Kg7 37. b4 f5 38. Qe3 f4 39. Qe4 Qf6 40. Kd1
Qd6+ 41. Ke2 Kf6 42. c5 Qa6+ 43. Kf2 Qa1 44. Qe2 Qh1 45. Qa6+ Kg5 46. c6 Qxh2+
47. Kf1 f3 0-1

[Event "VI Open Internacional A.D. San Juan"]
[Site "Pamplona Hotel Iruña Park "]
[Date "2012.07.27"]
[Round "7"]
[Board "4"]
[White "Khamrakulov, Ibragim S"]
[Black "Krishna, C R G"]
[Result "1-0"]
[WhiteElo "2507"]
[BlackElo "2273"]
[PlyCount "111"]
[EventDate "2012.07.23"]
[EventRounds "9"]
[EventCountry "ESP"]

1. e4 e6 2. d4 d5 3. Nd2 c5 4. Ngf3 cxd4 5. Nxd4 Nc6 6. Bb5 Bd7 7. Nxc6 Bxc6 8.
Bxc6+ bxc6 9. c4 Qa5 10. O-O Nf6 11. Nb3 Qa4 12. cxd5 cxd5 13. e5 Nd7 14. f4 g6
15. Be3 Be7 16. Qd4 Qxd4 17. Bxd4 Nb6 18. Rac1 Kd7 19. g4 Rac8 20. Rxc8 Rxc8
21. f5 gxf5 22. gxf5 Rg8+ 23. Kh1 Ke8 24. a4 exf5 25. a5 Nc4 26. Bxa7 Rg6 27.
Ra1 Ra6 28. Bd4 Bb4 29. Ra4 Bxa5 30. Nc5 Nb6 31. Ra1 Ra8 32. Nb3 Nc4 33. Bc3 d4
34. Bxa5 d3 35. Kg2 d2 36. Kf2 Nxa5 37. Nxd2 Ra7 38. Nc4 Nc6 39. Nd6+ Kd7 40.
Rxa7+ Nxa7 41. Nxf7 Nc6 42. Kg3 Ke6 43. Ng5+ Kxe5 44. Nxh7 Ke4 45. Ng5+ Ke3 46.
Ne6 Ne5 47. Nf4 Ng4 48. Ng2+ Ke4 49. b4 Ne3 50. Ne1 f4+ 51. Kh4 Nd1 52. b5 Ke3
53. Kg4 Ke2 54. Nc2 Kd3 55. h4 Kxc2 56. h5 1-0

[Event "VI Open Internacional A.D. San Juan"]
[Site "Pamplona Hotel Iruña Park "]
[Date "2012.07.27"]
[Round "7"]
[Board "5"]
[White "Obregon Rivero, Juan Carlos"]
[Black "Vila Dupla, Aurelio"]
[Result "1-0"]
[WhiteElo "2485"]
[BlackElo "2163"]
[PlyCount "97"]
[EventDate "2012.07.23"]
[EventRounds "9"]
[EventCountry "ESP"]

1. c4 Nf6 2. Nc3 c5 3. g3 g6 4. Bg2 Bg7 5. Nf3 O-O 6. O-O d5 7. cxd5 Nxd5 8.
Ng5 e6 9. h4 b6 10. Nxd5 exd5 11. d3 Bb7 12. h5 Qe7 13. hxg6 hxg6 14. Qa4 d4
15. Ne4 Bc6 16. Qb3 Qe6 17. Qxe6 fxe6 18. Bh3 Bd5 19. Ng5 e5 20. Be6+ Bxe6 21.
Nxe6 Rf7 22. Kg2 Re7 23. Ng5 Nc6 24. Rh1 Nd8 25. Ne4 Nf7 26. Rh4 Re6 27. Bd2
Bf6 28. Rh3 Kg7 29. b4 cxb4 30. Bxb4 Rc8 31. a4 Be7 32. Bxe7 Rxe7 33. Rah1 Rc2
34. Kf3 Rec7 35. a5 Rc1 36. axb6 axb6 37. Rh7+ Kf8 38. Kg4 Rxh1 39. Rxh1 Rc2
40. Kf3 Rc6 41. Ra1 b5 42. Ra8+ Ke7 43. Rb8 Ke6 44. Rb7 Nd6 45. Nxd6 Rxd6 46.
Ke4 Kf6 47. Rxb5 Re6 48. f3 Re7 49. Rb6+ 1-0

[Event "VI Open Internacional A.D. San Juan"]
[Site "Pamplona Hotel Iruña Park "]
[Date "2012.07.28"]
[Round "8"]
[Board "1"]
[White "Fernandez Romero, Ernesto"]
[Black "Deepan, Chakkravarthy J"]
[Result "0-1"]
[WhiteElo "2472"]
[BlackElo "2468"]
[PlyCount "114"]
[EventDate "2012.07.23"]
[EventRounds "9"]
[EventCountry "ESP"]

1. e4 c5 2. Nf3 d6 3. d4 cxd4 4. Nxd4 Nf6 5. Nc3 Nc6 6. Bg5 e6 7. Qd2 a6 8.
O-O-O Bd7 9. f3 Be7 10. h4 O-O 11. Kb1 b5 12. Nxc6 Bxc6 13. Bd3 b4 14. Ne2 a5
15. Nd4 Bb7 16. g4 Nd7 17. Bxe7 Qxe7 18. Qg5 Nf6 19. h5 Rfc8 20. Qd2 Nd7 21. g5
Nc5 22. f4 Nxd3 23. cxd3 Rc5 24. Rhe1 Rac8 25. Nb3 Rc2 26. Qxc2 Rxc2 27. Kxc2
a4 28. Nc1 e5 29. Rf1 exf4 30. Rxf4 Qxg5 31. Rf5 Qe7 32. Rb5 h6 33. Kb1 Kh7 34.
Re1 d5 35. e5 d4 36. Rb6 Bf3 37. e6 fxe6 38. Rbxe6 Qf7 39. Re7 Qxh5 40. Rg1 Bg4
41. Re4 Bf5 42. Re7 Bg6 43. Re6 Bf7 44. Rb6 Qc5 45. Rb7 Bg6 46. Re1 Qc4 47. Rg1
Qa6 48. Rxb4 Bxd3+ 49. Ka1 Bc4 50. Rd1 d3 51. Kb1 Qc6 52. Rd2 Qe6 53. Rxa4 Qe1
54. Rxc4 Qxd2 55. Rc3 h5 56. Rxd3 Qg2 57. Rd4 Qg6+ 0-1

[Event "VI Open Internacional A.D. San Juan"]
[Site "Pamplona Hotel Iruña Park "]
[Date "2012.07.28"]
[Round "8"]
[Board "2"]
[White "Ortiz Suarez, Isan Reynaldo"]
[Black "Obregon Rivero, Juan Carlos"]
[Result "0-1"]
[WhiteElo "2562"]
[BlackElo "2485"]
[PlyCount "74"]
[EventDate "2012.07.23"]
[EventRounds "9"]
[EventCountry "ESP"]

1. e4 c5 2. Nf3 Nc6 3. d4 cxd4 4. Nxd4 g6 5. Nc3 Bg7 6. Be3 Nf6 7. Bc4 O-O 8.
Bb3 d6 9. f3 Bd7 10. Qd2 Qa5 11. O-O-O Rfc8 12. h4 Ne5 13. Kb1 Nc4 14. Bxc4
Rxc4 15. Nb3 Qe5 16. Bd4 Qe6 17. h5 a5 18. hxg6 fxg6 19. Nd5 a4 20. Bxf6 Bxf6
21. Qh6 Bg7 22. Qxh7+ Kf7 23. Rh4 Qe5 24. Rf4+ Bf5 25. Rxf5+ gxf5 26. Qh5+ Kf8
27. c3 axb3 28. Nb6 bxa2+ 29. Ka1 Qb5 30. Nxa8 Rxc3 31. Qxf5+ Qxf5 32. exf5 Rc6
33. Rd3 Ra6 34. Rb3 Rxa8 35. Rxb7 d5 36. g4 d4 37. Rb3 d3 0-1

[Event "VI Open Internacional A.D. San Juan"]
[Site "Pamplona Hotel Iruña Park "]
[Date "2012.07.28"]
[Round "8"]
[Board "3"]
[White "Venkatesh, M R"]
[Black "Khamrakulov, Ibragim S"]
[Result "1-0"]
[WhiteElo "2506"]
[BlackElo "2507"]
[PlyCount "95"]
[EventDate "2012.07.23"]
[EventRounds "9"]
[EventCountry "ESP"]

1. e4 c5 2. Nc3 Nc6 3. Bb5 g6 4. Bxc6 dxc6 5. d3 Nf6 6. e5 Nd5 7. Ne4 Qb6 8.
Qd2 Bg7 9. f4 O-O 10. Nf3 Bg4 11. O-O c4+ 12. Kh1 cxd3 13. Qxd3 Rad8 14. Qe2 f5
15. Nf2 Bh6 16. h3 Bxf3 17. Qxf3 Qc5 18. Qb3 Kh8 19. Nd3 Qd4 20. Qxb7 Rb8 21.
Qa6 Nc7 22. Qa3 Qc4 23. Rf2 Rfd8 24. b3 Qe6 25. Qxa7 Nb5 26. Qc5 Rd5 27. Qc4
Qd7 28. Bb2 e6 29. a4 Na7 30. Nc5 Qf7 31. Bd4 g5 32. fxg5 Bxg5 33. Ne4 h6 34.
Nd6 Qg7 35. c3 Rg8 36. b4 Kh7 37. Raf1 Bh4 38. Re2 Bg3 39. Bxa7 Bxe5 40. Nxf5
exf5 41. Qxc6 Rd6 42. Qf3 Bxc3 43. Bc5 Rd7 44. Qxf5+ Kh8 45. Bf8 Qd4 46. Re6
Bd2 47. Be7 Bg5 48. Bxg5 1-0

[Event "VI Open Internacional A.D. San Juan"]
[Site "Pamplona Hotel Iruña Park "]
[Date "2012.07.28"]
[Round "8"]
[Board "4"]
[White "Paunovic, Dragan"]
[Black "Reinaldo Castineira, Roi"]
[Result "1/2-1/2"]
[WhiteElo "2521"]
[BlackElo "2468"]
[PlyCount "78"]
[EventDate "2012.07.23"]
[EventRounds "9"]
[EventCountry "ESP"]

1. Nf3 Nf6 2. g3 e6 3. Bg2 d5 4. O-O b5 5. d3 Bb7 6. e4 dxe4 7. Nfd2 Nbd7 8.
Nc3 a6 9. Ndxe4 Nxe4 10. Nxe4 Rb8 11. a4 b4 12. d4 Be7 13. Qe2 O-O 14. Bf4 Nb6
15. a5 Nd5 16. Bd2 Qd7 17. Rfe1 Rfc8 18. c4 Nf6 19. Nxf6+ Bxf6 20. Bxb7 Rxb7
21. Qe4 c6 22. Be3 Qd8 23. Red1 Rd7 24. Rd3 h6 25. b3 c5 26. Rad1 cxd4 27. Bxd4
Bxd4 28. Rxd4 Rxd4 29. Qxd4 Qxa5 30. Ra1 Rd8 31. Qxg7+ Kxg7 32. Rxa5 Rd3 33.
Rxa6 Rxb3 34. Rb6 Kf6 35. Rb5 e5 36. Rb6+ Kf5 37. Rxh6 Rc3 38. Rb6 Rxc4 39. h4
f6 1/2-1/2

[Event "VI Open Internacional A.D. San Juan"]
[Site "Pamplona Hotel Iruña Park "]
[Date "2012.07.28"]
[Round "8"]
[Board "5"]
[White "Ninov, Nikolai"]
[Black "Ibarra Jerez, Jose Carlos"]
[Result "1-0"]
[WhiteElo "2501"]
[BlackElo "2530"]
[PlyCount "97"]
[EventDate "2012.07.23"]
[EventRounds "9"]
[EventCountry "ESP"]

1. e4 c5 2. Nf3 e6 3. d4 cxd4 4. Nxd4 a6 5. c4 Nf6 6. Nc3 Qc7 7. Be3 Bb4 8. Qc2
O-O 9. f3 d5 10. exd5 exd5 11. a3 Re8 12. axb4 Rxe3+ 13. Kf2 Re5 14. Ncb5 axb5
15. Rxa8 dxc4 16. Be2 Nc6 17. Qd2 Re8 18. Rd1 Nd5 19. Nxb5 Qb6+ 20. Kg3 Nce7
21. Nd4 Rd8 22. Kf2 Nc7 23. Qe3 Ned5 24. Nf5 Nxa8 25. Rxd5 Rxd5 26. Ne7+ Kf8
27. Nxd5 Qxe3+ 28. Kxe3 Be6 29. Bxc4 Nc7 30. Kd4 Bxd5 31. Bxd5 b6 32. Be4 g6
33. g4 h6 34. h4 Ke7 35. Bd5 Nb5+ 36. Kd3 Nc7 37. Ke4 Na6 38. b5 Nc7 39. Bc4 g5
40. h5 Ne8 41. Ke5 Nd6 42. Bd3 Ne8 43. Bf5 Nc7 44. Bd3 Ne8 45. Kd5 Kd7 46. Bf5+
Kc7 47. b3 Nd6 48. Ke5 Ne8 49. Be4 1-0

[Event "VI Open Internacional A.D. San Juan"]
[Site "Pamplona Hotel Iruña Park "]
[Date "2012.07.29"]
[Round "9"]
[Board "1"]
[White "Obregon Rivero, Juan Carlos"]
[Black "Venkatesh, M R"]
[Result "1/2-1/2"]
[WhiteElo "2485"]
[BlackElo "2506"]
[PlyCount "44"]
[EventDate "2012.07.23"]
[EventRounds "9"]
[EventCountry "ESP"]

1. c4 c5 2. Nc3 Nc6 3. g3 g6 4. Bg2 Bg7 5. Nf3 e6 6. O-O Nge7 7. a3 d5 8. cxd5
exd5 9. d3 h6 10. Bd2 O-O 11. Rc1 b6 12. Na4 a5 13. Qb3 Ra6 14. e3 Bd7 15. Qc2
Ra8 16. Rfe1 Rc8 17. Qb3 Rb8 18. Qc2 Rc8 19. Qb3 Rb8 20. Qc2 Rc8 21. Qb3 Rb8
22. Qc2 Rc8 1/2-1/2

[Event "VI Open Internacional A.D. San Juan"]
[Site "Pamplona Hotel Iruña Park "]
[Date "2012.07.29"]
[Round "9"]
[Board "2"]
[White "Reinaldo Castineira, Roi"]
[Black "Deepan, Chakkravarthy J"]
[Result "1/2-1/2"]
[WhiteElo "2468"]
[BlackElo "2468"]
[PlyCount "62"]
[EventDate "2012.07.23"]
[EventRounds "9"]
[EventCountry "ESP"]

1. Nf3 Nf6 2. g3 d5 3. Bg2 c6 4. O-O Bf5 5. d3 h6 6. b3 e6 7. Bb2 Be7 8. Nbd2
O-O 9. Ne5 Nbd7 10. Ndf3 a5 11. a3 Bh7 12. c4 Nxe5 13. Nxe5 Nd7 14. Qc2 Nxe5
15. Bxe5 Bf6 16. Qb2 Bxe5 17. Qxe5 Qb8 18. Qxb8 Rfxb8 19. Rfc1 Kf8 20. Kf1 Ke7
21. Ke1 f6 22. Kd2 Kd6 23. d4 Re8 24. e3 Be4 25. f3 Bg6 26. Bf1 Bh7 27. Ra2 Bg6
28. Rb2 Bh7 29. Rc3 Ra7 30. Rc1 Raa8 31. Rc3 Ra7 1/2-1/2

[Event "VI Open Internacional A.D. San Juan"]
[Site "Pamplona Hotel Iruña Park "]
[Date "2012.07.29"]
[Round "9"]
[Board "3"]
[White "Ninov, Nikolai"]
[Black "Fernandez Romero, Ernesto"]
[Result "1/2-1/2"]
[WhiteElo "2501"]
[BlackElo "2472"]
[PlyCount "60"]
[EventDate "2012.07.23"]
[EventRounds "9"]
[EventCountry "ESP"]

1. e4 e6 2. d4 d5 3. Nc3 Bb4 4. Nge2 Nf6 5. exd5 exd5 6. a3 Bd6 7. Bf4 O-O 8.
Bxd6 Qxd6 9. g3 c6 10. Bg2 Bf5 11. O-O Nbd7 12. Qd2 Rfe8 13. Nf4 h6 14. Nd3 Ne4
15. Nxe4 Bxe4 16. Rfe1 Bxg2 17. Kxg2 Kf8 18. Qb4 Qxb4 19. axb4 Rxe1 20. Rxe1
Re8 21. Rxe8+ Kxe8 22. h4 Ke7 23. f3 g5 24. hxg5 hxg5 25. Nc5 Nxc5 26. bxc5 f5
27. Kf2 b5 28. Ke3 a5 29. Kd2 Kd8 30. b3 Kd7 1/2-1/2

[Event "VI Open Internacional A.D. San Juan"]
[Site "Pamplona Hotel Iruña Park "]
[Date "2012.07.29"]
[Round "9"]
[Board "4"]
[White "Ruiz Sanchez, Orlen"]
[Black "Ortiz Suarez, Isan Reynaldo"]
[Result "0-1"]
[WhiteElo "2416"]
[BlackElo "2562"]
[PlyCount "92"]
[EventDate "2012.07.23"]
[EventRounds "9"]
[EventCountry "ESP"]

1. e4 c5 2. Nf3 e6 3. d4 cxd4 4. Nxd4 a6 5. Nc3 Qc7 6. g4 Nc6 7. Nxc6 bxc6 8.
Bg2 Bd6 9. Ne2 Ne7 10. h4 Ng6 11. Be3 Nf4 12. Nxf4 Bxf4 13. Qd2 Bxe3 14. Qxe3
Qa5+ 15. c3 Rb8 16. b4 Qa3 17. O-O a5 18. bxa5 Qxa5 19. c4 Rb4 20. Rfc1 Ra4 21.
Qg5 Qxg5 22. hxg5 Ba6 23. Bf1 Ke7 24. f3 Rb8 25. Rc2 Rbb4 26. Kf2 e5 27. Rac1
c5 28. Bd3 Ra3 29. Ke2 Rb6 30. Rh1 Rd6 31. Rd1 h6 32. gxh6 Rxh6 33. Ke3 Rd6 34.
Rdd2 Rd4 35. Ke2 g5 36. Rd1 Kd6 37. Rdd2 Kc6 38. Rd1 Kb6 39. Rcd2 Ka5 40. Rc2
Ka4 41. Rcd2 Raxd3 42. Rxd3 Bxc4 43. Ke3 Rxd3+ 44. Rxd3 Bxd3 45. Kxd3 Ka3 46.
Kc4 d6 0-1

[Event "VI Open Internacional A.D. San Juan"]
[Site "Pamplona Hotel Iruña Park "]
[Date "2012.07.29"]
[Round "9"]
[Board "5"]
[White "Guerra Mendez, Jose Angel"]
[Black "Paunovic, Dragan"]
[Result "1-0"]
[WhiteElo "2428"]
[BlackElo "2521"]
[PlyCount "79"]
[EventDate "2012.07.23"]
[EventRounds "9"]
[EventCountry "ESP"]

1. e4 c5 2. Nf3 e6 3. d4 cxd4 4. Nxd4 a6 5. c4 Nf6 6. Nc3 Bb4 7. Qd3 Qc7 8. a3
Bxc3+ 9. Qxc3 O-O 10. Bd3 d6 11. Bg5 Nbd7 12. O-O Qc5 13. Be3 Qc7 14. f3 b6 15.
Rfc1 Bb7 16. b4 Rac8 17. Qd2 Ne5 18. Bf1 Qe7 19. Nb3 Nfd7 20. a4 f5 21. Bg5 Qf7
22. f4 h6 23. fxe5 hxg5 24. exd6 f4 25. a5 g4 26. axb6 Qh5 27. Ra5 e5 28. Nc5
Rxc5 29. Rxc5 Rf6 30. Rc7 Bxe4 31. Rxd7 Rh6 32. b7 Qxh2+ 33. Kf2 Qg3+ 34. Ke2
Rh1 35. b8=Q+ Kh7 36. Rxg7+ Kxg7 37. Qa7+ Kg6 38. Qf2 f3+ 39. gxf3 Bxf3+ 40.
Kd3 1-0